[Event "New York op"]
[Site "New York"]
[Date "1990.??.??"]
[Round "9"]
[White "Dreev, Alexey"]
[Black "Orlov, Georgi"]
[Result "1/2-1/2"]
[WhiteElo "2605"]
[BlackElo "2505"]

1.d4 Nf6 2.c4 Nc6 3.Nf3 e6 4.Nc3 Bb4 5.Qc2 d6 6.a3 Bxc3+ 7.Qxc3 O-O 8.e3 a5
9.b3 Re8 10.Bb2 e5 11.Qc2 Bg4 12.d5 Nb8 13.Be2 Na6 14.O-O Bh5 15.Bc3 Nc5
16.b4 Bg6 17.Qd1 Nfe4 18.Bb2 Na6 19.Qb3 Bh5 20.Qc2 f5 21.Bc3 Qf6 22.Rfc1 Nxc3
23.Qxc3 e4 24.Qxf6 gxf6 25.Nd4 Bxe2 26.Nxe2 axb4 27.Nd4 bxa3 28.Rxa3 Nc5
29.Rca1 Ra6 30.Nxf5 Rea8 31.Rxa6 Rxa6 32.Rxa6 bxa6 33.Kf1 a5 34.Nd4 Nd3 35.Nb5 Ne5
36.Na3 Kf7 37.Ke2 Ke7 38.f3 exf3+ 39.gxf3 f5 40.f4 Ng4 41.h3 Nf6 42.Nb5 a4
43.Kd3 Ne4 44.h4 Kf6 45.Nxc7 a3 46.Kc2 Nd2 47.c5 Nc4 48.Kb3 dxc5 49.d6 Nxd6
50.Nd5+ Kg6 51.Kxa3 h6 52.Ne7+ Kh5 53.Ng8 Nc4+ 54.Ka4 Nxe3 55.Kb5 c4 56.Kb4 Kg6
57.Kc3 Ng2 58.Kxc4 Nxh4 59.Kd4 h5 60.Ne7+ Kf7 61.Nc6 Ng2 62.Ke5 Ne3 63.Nd4 Kg6
64.Nf3 Ng2 65.Nd4 h4 66.Nxf5 h3 67.Ng3 h2 68.f5+ Kg5 69.f6 Nh4 70.f7 Ng6+
71.Ke4 Kg4 72.Nh1 Kh3 73.Ke3 Kg2 74.Nf2  1/2-1/2

[Event "Reykjavik Summit"]
[Site "Reykjavik"]
[Date "1990.??.??"]
[Round "?"]
[White "Dreev, Alexey"]
[Black "Wessman, Richard"]
[Result "1-0"]
[WhiteElo "2605"]
[BlackElo "2505"]

1.d4 d5 2.c4 c6 3.Nc3 Nf6 4.e3 e6 5.Nf3 Nbd7 6.Qc2 Bd6 7.Be2 O-O 8.O-O dxc4
9.Bxc4 e5 10.Bb3 Qe7 11.h3 Bc7 12.Bd2 h6 13.Nh4 exd4 14.exd4 Qd6 15.Nf3 Nb6
16.Rfe1 Nbd5 17.Rac1 Be6 18.Na4 Rad8 19.Nc5 Bc8 20.a3 Nf4 21.Ba2 N6d5 22.Ne5 Qf6
23.Bb1 g6 24.Ne4 Qg7 25.Ba2 Bf5 26.Qb3 Bb6 27.Nc5 Be6 28.Qg3 Bxc5 29.Rxc5 g5
30.h4 gxh4 31.Qxg7+ Kxg7 32.Ra5 a6 33.Nf3 Ng6 34.Bb1 Rfe8 35.Rc5 Bg4 36.Ne5 Nxe5
37.dxe5 f6 38.Rc4 Bc8 39.Rxh4 Rxe5 40.Bxh6+ Kf7 41.Rxe5 fxe5 42.Bg5 Nf6 43.Bc2 Rg8
44.Bd2 Be6 45.f3 Ke7 46.Bb4+ Kd7 47.Kf2 Rg7 48.g4 Nd5 49.Bd2 c5 50.Rh5 Kd6
51.Kg3 b5 52.Bh6 Rf7 53.Bg6 Rf6 54.Be4 Nf4 55.Rh2 Bd5 56.Bg5 Rf7 57.Rh6+ Ne6
58.Bf6 Bxe4 59.fxe4 c4 60.g5 Nc5 61.Kf3 Nd7 62.Kg4 Nxf6+ 63.Kf5 a5 64.Rxf6+ Ke7
65.Kxe5 Rxf6 66.gxf6+ Kf7 67.Kd4 Kxf6 68.Kc5 Ke5 69.Kxb5 Kxe4 70.Kxa5 Kd4
71.Kb4  1-0

[Event "Reykjavik op"]
[Site "Reykjavik"]
[Date "1990.??.??"]
[Round "2"]
[White "Dreev, Alexey"]
[Black "Wedberg, Tom"]
[Result "0-1"]
[WhiteElo "2605"]
[BlackElo "2485"]

1.d4 Nf6 2.c4 e6 3.Nc3 Bb4 4.Qc2 O-O 5.a3 Bxc3+ 6.Qxc3 b6 7.Bg5 Bb7 8.f3 h6
9.Bh4 d5 10.e3 Nbd7 11.Nh3 g5 12.Bg3 c5 13.cxd5 Nxd5 14.Qd2 cxd4 15.Qxd4 e5
16.Qd2 Qe7 17.Bc4 N7f6 18.O-O Qc5 19.Rfc1 Qxe3+ 20.Qxe3 Nxe3 21.Bb3 e4 22.Re1 Nf5
23.Be5 Nd7 24.fxe4 Nxe5 25.exf5 Rfe8 26.Ba4 Bc6 27.Bxc6 Nxc6 28.Rxe8+ Rxe8
29.Rd1 Re2 30.b4 Ne5 31.Nf2 Kg7 32.h3 h5 33.Rd6 g4 34.hxg4 hxg4 35.Nh1 Nc4
36.Rd4 Ne3 37.Nf2 g3 38.Ng4 Re1+  0-1

[Event "Reykjavik op"]
[Site "Reykjavik"]
[Date "1990.??.??"]
[Round "4"]
[White "Dreev, Alexey"]
[Black "Ivanov, Alexander"]
[Result "1-0"]
[WhiteElo "2605"]
[BlackElo "2520"]

1.d4 Nf6 2.c4 e6 3.Nf3 b6 4.Nc3 Bb7 5.a3 d5 6.cxd5 exd5 7.g3 c5 8.Bg2 Be7
9.O-O O-O 10.Bf4 Nc6 11.Rc1 Ne4 12.dxc5 Nxc3 13.Rxc3 bxc5 14.Qa4 Qa5 15.Qxa5 Nxa5
16.Ne5 Rac8 17.h4 f6 18.Nd3 c4 19.Nb4 d4 20.Bxb7 Nxb7 21.Nd5 dxc3 22.Nxe7+ Kf7
23.Nxc8 cxb2 24.Bd2 Rxc8 25.Bc3 Nd6 26.Rd1 Ne4 27.Bxb2 c3 28.Bc1 Nc5 29.Be3 a5
30.Rb1 c2 31.Rb5 a4 32.Rb4 Re8 33.Rc4 Nb3 34.Rxc2 Re4 35.Kg2 h5 36.Rc6 Kg6
37.Kf3 Kf5 38.Rd6 Re5 39.Ra6 g5 40.Rxa4 g4+ 41.Kg2 Rd5 42.Rf4+ Kg6 43.Rc4  1-0

[Event "Reykjavik op"]
[Site "Reykjavik"]
[Date "1990.??.??"]
[Round "5"]
[White "Makarichev, Sergey"]
[Black "Dreev, Alexey"]
[Result "1/2-1/2"]
[WhiteElo "2510"]
[BlackElo "2605"]

1.e4 e6 2.d4 d5 3.Nc3 Nf6 4.e5 Nfd7 5.f4 c5 6.Nf3 Nc6 7.Be3 cxd4 8.Nxd4 Bc5
9.Qd2 Bxd4 10.Bxd4 Nxd4 11.Qxd4 Qb6 12.O-O-O Qxd4 13.Rxd4 Ke7 14.h4 h5 15.Rh3 a6
16.Be2 Nb8 17.Rg3  1/2-1/2

[Event "Reykjavik op"]
[Site "Reykjavik"]
[Date "1990.??.??"]
[Round "6"]
[White "Dreev, Alexey"]
[Black "Thorsteins, Karl"]
[Result "1-0"]
[WhiteElo "2605"]
[BlackElo "2455"]

1.d4 Nf6 2.c4 g6 3.Nc3 d5 4.cxd5 Nxd5 5.e4 Nxc3 6.bxc3 Bg7 7.Bc4 O-O 8.Ne2 c5
9.Be3 Nc6 10.Rb1 Na5 11.Bd3 e5 12.d5 b6 13.Qc1 f5 14.Bg5 Bf6 15.Bh6 Bg7 16.Bg5 Qd6
17.f3 c4 18.Bc2 f4 19.Qb2 Bf6 20.Qb4 Qd8 21.Bxf6 Qxf6 22.Ba4 Qh4+ 23.Kf1 Ba6
24.Qd6 Qh5 25.Bd7 Bc8 26.Bxc8 Raxc8 27.Qe6+ Kh8 28.Qe7 Ra8 29.Kg1 Kg8 30.g4 Qh3
31.Kf2 Rfe8 32.Qg5 Kg7 33.Ng3 h6 34.Nf5+ Kh7 35.Qf6 gxf5 36.gxf5 Rg8 37.Rbg1 Raf8
38.Qe7+ Kh8 39.Qxe5+ Kh7 40.Qe7+ Kh8 41.Rg6  1-0

[Event "Reykjavik op"]
[Site "Reykjavik"]
[Date "1990.??.??"]
[Round "7"]
[White "Dreev, Alexey"]
[Black "Polugaevsky, Lev"]
[Result "1/2-1/2"]
[WhiteElo "2605"]
[BlackElo "2610"]

1.d4 Nf6 2.c4 e6 3.Nf3 b6 4.Nc3 Bb7 5.a3 d5 6.cxd5 Nxd5 7.e3 g6 8.Bb5+ c6
9.Bc4 Nxc3 10.bxc3 Bg7 11.a4  1/2-1/2

[Event "Reykjavik op"]
[Site "Reykjavik"]
[Date "1990.??.??"]
[Round "8"]
[White "Seirawan, Yasser"]
[Black "Dreev, Alexey"]
[Result "1-0"]
[WhiteElo "2595"]
[BlackElo "2605"]

1.d4 d5 2.c4 c6 3.Nc3 Nf6 4.cxd5 cxd5 5.Bf4 Qb6 6.e3 Qxb2 7.Bb5+ Nc6 8.Nge2 Qa3
9.Ba4 a6 10.Rb1 e6 11.O-O Nh5 12.Be5 f6 13.Bxc6+ bxc6 14.Bc7 Qe7 15.Ba5 Qf7
16.Qc2 c5 17.dxc5 Bd7 18.Nd4 e5 19.c6 exd4 20.Rb7 Bxc6 21.Rxf7 Kxf7 22.Ne2 Bb5
23.Nxd4 Bxf1 24.Qc6 Bc4 25.Qxa8 g5 26.Qc8 Ng7 27.Bc3 Rg8 28.g4 h5 29.Nf5 Nxf5
30.gxf5  1-0

[Event "Reykjavik op"]
[Site "Reykjavik"]
[Date "1990.??.??"]
[Round "9"]
[White "Dreev, Alexey"]
[Black "Bronstein, David I"]
[Result "1-0"]
[WhiteElo "2605"]
[BlackElo "2445"]

1.d4 Nf6 2.c4 g6 3.Nc3 Bg7 4.Nf3 O-O 5.e3 d6 6.Be2 Nbd7 7.b4 e5 8.Bb2 Qe7
9.O-O Re8 10.Nb5 e4 11.Nxc7 exf3 12.Bxf3 Nb6 13.Nxe8 Qxe8 14.Qb3 Ne4 15.Rfd1 d5
16.cxd5 f5 17.Rac1 Qf7 18.Rc5 Bd7 19.Rc7 Rb8 20.Be2 Nd6 21.b5 Ne8 22.Rc5 Bf8
23.a4 Nc8 24.f3 b6 25.Rc2 Ncd6 26.Ba3 Rd8 27.Rf1 Qe7 28.Re1 Qh4 29.g3 Qh6
30.Bf1 g5 31.Bb2 Qg6 32.e4 fxe4 33.fxe4 Nxe4 34.d6+ Be6 35.Bc4 Bxc4 36.Qxc4+ Kg7
37.Rxe4 Nxd6 38.Qc7+ Kg8 39.Qxd8 Qxe4 40.Qxg5+  1-0

[Event "Berliner Sommer"]
[Site "Berlin"]
[Date "1991.??.??"]
[Round "?"]
[White "Paehtz, Thomas Sr"]
[Black "Dreev, Alexey"]
[Result "1-0"]
[WhiteElo "2465"]
[BlackElo "2610"]

1.d4 d5 2.c4 c6 3.e3 Nf6 4.Nf3 Bf5 5.cxd5 cxd5 6.Qb3 Qc7 7.Bd2 e6 8.Bb5+ Nc6
9.Bb4 Bxb4+ 10.Qxb4 Qe7 11.Bxc6+ bxc6 12.Qxe7+ Kxe7 13.Nc3 Nd7 14.Na4 Rhc8
15.Rc1 Rab8 16.b3 Rb5 17.Nh4 Bg4 18.h3 Bh5 19.f4 f6 20.g4 Be8 21.Rh2 c5 22.f5 e5
23.Nc3 Rbb8 24.Nxd5+ Kd6 25.Nc3 exd4 26.exd4 cxd4 27.Rd2 Ne5 28.Rxd4+ Ke7
29.Kf2 Rb5 30.Nf3 Nxf3 31.Kxf3 Rbc5 32.Nd5+ Kf7 33.Rdc4 Rxc4 34.Rxc4 Rxc4
35.bxc4 Ba4 36.h4 Bc2 37.Kf4 h6 38.g5 hxg5+ 39.hxg5 fxg5+ 40.Kxg5 Bd3 41.Ne3 a5
42.a3 a4 43.c5 Ke7 44.Nd5+ Kd7 45.Nb4 Be4 46.Kf4 Bg2 47.Ke5 Bh3 48.f6 gxf6+
49.Kxf6 Bg2 50.Ke5 Bf3 51.Kd4 Bd1 52.Nd3 Ke6 53.Nb2 Bb3 54.Kc3 Kd5 55.Kb4 Kc6
56.Nc4 Bc2 57.Na5+ Kc7 58.Kc4 Bd1 59.Kd4 Kd7 60.Nc4 Bb3 61.Ne5+ Ke6 62.Ng4 Kd7
63.Kc3 Kc6 64.Kb4 Bc2 65.Ne5+ Kd5 66.Nf3 Bd1 67.Nh4 Kc6 68.Nf5 Bb3 69.Ne3 Be6
70.Nc4 Bf5 71.Na5+ Kd5 72.Kb5 Bd7+ 73.c6 Be8 74.Kb6 Kd4 75.Nb7 Kc3 76.c7 Bd7
77.Nc5 Bc8 78.Kb5 Bh3 79.Kxa4 Kc4 80.Nb7  1-0

[Event "Berliner Sommer"]
[Site "Berlin"]
[Date "1991.??.??"]
[Round "?"]
[White "Dreev, Alexey"]
[Black "Freisler, Pavel"]
[Result "1-0"]
[WhiteElo "2610"]
[BlackElo "2340"]

1.d4 Nf6 2.Nf3 g6 3.c3 Bg7 4.Bf4 b6 5.e3 Bb7 6.Be2 d6 7.a4 a6 8.O-O Nh5 9.Bg5 h6
10.Bh4 g5 11.Nfd2 gxh4 12.Bxh5 h3 13.g3 Nd7 14.Qg4 O-O 15.Qxh3 c5 16.Na3 Nf6
17.Bf3 Bxf3 18.Nxf3 Qe8 19.Nc2 b5 20.axb5 Qxb5 21.Rfb1 Qe2 22.Nce1 Rfb8 23.Qf1 Qxf1+
24.Kxf1 Ne4 25.Ke2 Rb6 26.Nd2 Nxd2 27.Kxd2 cxd4 28.exd4 e5 29.dxe5 dxe5 30.Nd3 f6
31.Kc2 Kf7 32.Ra5 Bf8 33.Rba1 Rab8 34.b4 e4 35.Nf4 Rc6 36.Rxa6 Rbc8 37.Rxc6 Rxc6
38.Ra7+ Kg8 39.Nd5  1-0

[Event "Berliner Sommer"]
[Site "Berlin"]
[Date "1991.??.??"]
[Round "?"]
[White "Darnstaedt, Frank"]
[Black "Dreev, Alexey"]
[Result "0-1"]
[WhiteElo "2330"]
[BlackElo "2610"]

1.e4 e5 2.Nf3 d6 3.Bc4 Nc6 4.d4 exd4 5.Nxd4 g6 6.Nxc6 bxc6 7.O-O Bg7 8.f4 Nf6
9.f5 O-O 10.fxg6 hxg6 11.Bg5 Qe7 12.Nc3 Qe5 13.Bxf6 Bxf6 14.Qf3 Kg7 15.Kh1 Rb8
16.Nd1 Qg5 17.c3 Be5 18.Qf2 f6 19.Kg1 Rh8 20.g3 Rh3 21.Kg2 Qh5 22.Kg1 Bd7
23.Rc1 Rh8 24.Rc2 Rxg3+  0-1

[Event "Groningen"]
[Site "Groningen"]
[Date "1991.??.??"]
[Round "?"]
[White "Piket, Jeroen"]
[Black "Dreev, Alexey"]
[Result "1-0"]
[WhiteElo "2590"]
[BlackElo "2610"]

1.Nf3 d5 2.d4 Nf6 3.c4 c6 4.Nc3 e6 5.Bg5 h6 6.Bh4 dxc4 7.e4 g5 8.Bg3 b5 9.Be2 Bb7
10.e5 Nh5 11.O-O Nd7 12.a4 a6 13.Kh1 Ng7 14.Ne4 Nf5 15.Nfd2 Qb6 16.Bh5 Qxd4
17.Qg4 Nc5 18.Rae1 Nd3 19.Re2 Be7 20.f4 gxf4 21.Bxf4 Nxf4 22.Rxf4 Qxe5 23.Ng3 Qg7
24.Bxf7+ Qxf7 25.Nxf5 O-O-O 26.Nd6+  1-0

[Event "Groningen"]
[Site "Groningen"]
[Date "1991.??.??"]
[Round "?"]
[White "Dreev, Alexey"]
[Black "Sokolov, Ivan"]
[Result "0-1"]
[WhiteElo "2610"]
[BlackElo "2570"]

1.d4 Nf6 2.Nf3 g6 3.Bf4 Bg7 4.e3 d6 5.h3 O-O 6.Be2 c5 7.c3 Qb6 8.Qb3 Be6
9.Qxb6 axb6 10.a3 Nc6 11.Nbd2 Na5 12.O-O Rfc8 13.Rfc1 Bb3 14.Bd3 Nd7 15.Bb5 Nf8
16.a4 Ne6 17.Bg3 Nc7 18.c4 cxd4 19.Nxd4 Bxd4 20.exd4 Ne6 21.Bd7 Nxd4 22.Bxc8 Ne2+
23.Kh2 Nxc1 24.Bg4 Nd3 25.Ra3 Nxb2 26.Nxb3 Nbxc4 27.Nxa5 Nxa3 28.Nxb7 Rxa4
29.Bd7 Rc4 30.Nd8  0-1

[Event "Groningen"]
[Site "Groningen"]
[Date "1991.??.??"]
[Round "?"]
[White "Brenninkmeijer, Joris"]
[Black "Dreev, Alexey"]
[Result "1/2-1/2"]
[WhiteElo "2525"]
[BlackElo "2610"]

1.d4 d5 2.c4 c6 3.Nf3 Nf6 4.e3 Bf5 5.cxd5 cxd5 6.Qb3 Qc7 7.Bd2 e6 8.Bb5+ Nc6
9.Bb4 Bd6 10.Qa3 Ke7 11.Bxd6+ Qxd6 12.Bxc6 bxc6 13.Ne5 c5 14.Nc3 Rhc8 15.Rc1 cxd4
16.Qxd6+ Kxd6 17.exd4 Ke7 18.Kd2 h5 19.f3 Ne8  1/2-1/2

[Event "Groningen"]
[Site "Groningen"]
[Date "1991.??.??"]
[Round "?"]
[White "Dreev, Alexey"]
[Black "Romanishin, Oleg M"]
[Result "1-0"]
[WhiteElo "2610"]
[BlackElo "2600"]

1.d4 Nf6 2.c4 c6 3.Nf3 d5 4.e3 g6 5.Nc3 Bg7 6.Be2 O-O 7.O-O h6 8.Ne5 Be6
9.cxd5 Nxd5 10.e4 Nxc3 11.bxc3 Bxe5 12.dxe5 Qxd1 13.Rxd1 h5 14.a4 Nd7 15.Ba3 Nxe5
16.Bxe7 Rfe8 17.Bg5 Bc4 18.Bxc4 Nxc4 19.f3 b6 20.Rd4 b5 21.h3 a5 22.g4 hxg4
23.hxg4 Kg7 24.Kf2 Ra7 25.Rb1 c5 26.Rd5 Nb6 27.Rd6 Re6 28.Rxe6 fxe6 29.Rxb5 Nxa4
30.Bd2 c4 31.Be3 Ra6 32.Bd4+ Kf8 33.Ke3 Ke7 34.f4 Kd6 35.f5 gxf5 36.exf5 exf5
37.gxf5 Kc6 38.Re5 Kd7  1-0

[Event "Groningen"]
[Site "Groningen"]
[Date "1991.??.??"]
[Round "8"]
[White "Dreev, Alexey"]
[Black "Akopian, Vladimir"]
[Result "1/2-1/2"]
[WhiteElo "2610"]
[BlackElo "2590"]

1.d4 Nf6 2.Nf3 e6 3.c4 d5 4.Nc3 Nbd7 5.Bg5 c6 6.cxd5 exd5 7.e3 Be7 8.Bd3 O-O
9.Qc2 Re8 10.O-O Nf8 11.h3 Be6 12.Rae1 N6d7 13.Bf4 Ng6 14.Bg3 Ndf8 15.Na4 Bd6
16.Bxd6 Qxd6 17.Nc5 b6 18.Nxe6 Nxe6 19.Rc1 Rac8 20.Rfd1 Rc7 21.a3 Rec8 22.Qb1 a5
23.Rc3 Ngf8 24.Qc2 g6 25.e4 dxe4 26.Bxe4 Nd7 27.Qb3  1/2-1/2

[Event "URS-ESP mT"]
[Site "Logrono"]
[Date "1991.??.??"]
[Round "?"]
[White "Dreev, Alexey"]
[Black "Fernandez, Juan Luis"]
[Result "1-0"]
[WhiteElo "2610"]
[BlackElo "2285"]

1.d4 Nf6 2.c4 g6 3.Nc3 d5 4.cxd5 Nxd5 5.e4 Nxc3 6.bxc3 Bg7 7.Bc4 c5 8.Ne2 O-O
9.Be3 Nd7 10.O-O Qa5 11.a4 Nb6 12.Bb3 cxd4 13.cxd4 Bd7 14.Bd2 Qa6 15.Bb4 Rfc8
16.Bxe7 Re8 17.Bc5 Rxe4 18.Nc3 Rh4 19.Re1 Be6 20.Nb5 Nd5 21.Rc1 Qa5 22.Qf3 a6
23.Nd6 Rf4 24.Qd3 Rg4 25.Rxe6 fxe6 26.Bxd5 exd5 27.Qf3 Rxd4 28.Qf7+ Kh8 29.Ne8  1-0

[Event "URS-ESP mT"]
[Site "Logrono"]
[Date "1991.??.??"]
[Round "?"]
[White "Dreev, Alexey"]
[Black "Rodriguez Vargas, Orestes"]
[Result "0-1"]
[WhiteElo "2610"]
[BlackElo "2235"]

1.d4 d5 2.c4 e6 3.Nc3 c5 4.cxd5 cxd4 5.Qa4+ Bd7 6.Qxd4 exd5 7.Qxd5 Nc6 8.Bg5 Nf6
9.Qd2 h6 10.Bh4 g5 11.Bg3 Bb4 12.f3 Qe7 13.a3 Bc5 14.Rd1 Be6 15.Bd6 Bxd6
16.Qxd6 Qxd6 17.Rxd6 Ke7 18.Rd2 Rhd8 19.e3 Rxd2 20.Kxd2 Rd8+ 21.Kc1 Na5 22.Nge2 Nb3+
23.Kb1 Nd2+ 24.Kc1 Nb3+ 25.Kc2 Rd2+ 26.Kb1 Bc4 27.Rg1 Nd7 28.Nc1 Ne5 29.Nxb3 Bxb3
30.Be2 f5 31.h3 Bc4 32.Bd1 Bd3+ 33.Kc1 Rf2 34.b3 Kd6 35.f4 gxf4 36.exf4 Rxf4
37.Kd2 Rf2+ 38.Ke3 Rb2 39.Kd4 Ba6 40.Ke3 Ng6 41.g4 f4+ 42.Ke4 Rd2 43.g5 Bd3+
44.Kf3 Rh2 45.gxh6 Rxh3+ 46.Kg4 Rxh6 47.Be2 Bxe2+ 48.Nxe2 Rh2 49.Nc3 Rc2
50.Rd1+ Ke5 51.Re1+ Kd4 52.Nb5+ Kc5 53.Nc7 Rg2+ 54.Kf5 Kd4 55.Ne6+ Kc3 56.Ke4 Kd2
57.Rh1 Re2+ 58.Kf5 Ne7+ 59.Kf6 Nd5+ 60.Kf5 Ne7+ 61.Kf6 Nd5+ 62.Kf5 f3 63.Nd4 Ne3+
64.Kf4 f2 65.Nxe2 Kxe2 66.Ke5 Kd3 67.Kd6 Kc3 68.b4 Kb3 69.b5 Ka4  0-1

[Event "URS-ESP mT"]
[Site "Logrono"]
[Date "1991.??.??"]
[Round "?"]
[White "Fernandez, Juan Luis"]
[Black "Dreev, Alexey"]
[Result "0-1"]
[WhiteElo "2285"]
[BlackElo "2610"]

1.e4 e5 2.Nf3 d6 3.d4 exd4 4.Qxd4 Nf6 5.Nc3 Be7 6.Bg5 O-O 7.O-O-O Nc6 8.Qd2 Be6
9.Bb5 Nb4 10.e5 dxe5 11.Qe2 Qc8 12.Nxe5 c6 13.Bc4 Re8 14.Rhe1 h6 15.Bh4 b5
16.Bxe6 Qxe6 17.Kb1 Nfd5 18.Nxd5 Nxd5 19.Bxe7 Rxe7 20.Qd2 b4 21.Nd3 Qd6 22.Rxe7 Qxe7
23.Qe1 Qb7 24.Qe5 a5 25.Ka1 a4 26.Nf4 Nxf4 27.Qxf4 a3 28.Kb1 Re8 29.Qc4 Qd7
30.Rc1 Qd6 31.c3 Qd2 32.Qb3 Re1 33.Qc2 Qxc2+ 34.Kxc2 b3+  0-1

[Event "URS-ESP mT"]
[Site "Logrono"]
[Date "1991.??.??"]
[Round "?"]
[White "Rodriguez Vargas, Orestes"]
[Black "Dreev, Alexey"]
[Result "0-1"]
[WhiteElo "2235"]
[BlackElo "2610"]

1.d4 d5 2.c4 c6 3.Nc3 Nf6 4.cxd5 cxd5 5.Bf4 Qb6 6.e3 Qxb2 7.Bb5+ Bd7 8.Bxd7+ Nbxd7
9.Nge2 Qa3 10.O-O a6 11.Rb1 b6 12.e4 dxe4 13.Rb3 Qa5 14.Bd2 Qh5 15.f3 e5
16.Ng3 Qg6 17.fxe4 exd4 18.Nce2 Bc5 19.Nf4 Qg4 20.Qe1 Qh4 21.Nh3 Nh5 22.Nxh5 Qxh5
23.Rf5 d3+ 24.Kf1 Qe2+ 25.Qxe2 dxe2+ 26.Kxe2 O-O 27.Rd3 g6 28.Rf1 Ne5 29.Rd5 Rae8
30.Bh6 Ng4 31.Bxf8 Bxf8 32.Ng5 f5 33.Rfd1 h6 34.Nf3 Rxe4+ 35.Kd2 Ne3 36.Rd7 Bb4+
37.Ke2 Nxd1+ 38.Kxd1 Re7 39.Rd8+ Kg7 40.Nd4 Re1+ 41.Kc2 Bc5  0-1

[Event "Moscow4"]
[Site "Moscow"]
[Date "1991.??.??"]
[Round "?"]
[White "Dreev, Alexey"]
[Black "Krasenkow, Michal"]
[Result "1/2-1/2"]
[WhiteElo "2625"]
[BlackElo "2570"]

1.d4 Nf6 2.Nf3 g6 3.c3 Bg7 4.Bf4 d6 5.e3 O-O 6.Be2 b6 7.O-O Bb7 8.c4 Nbd7
9.Nc3 Ne4 10.Nxe4 Bxe4 11.h4 e5 12.Bg3 Qe7 13.Qa4 f5 14.Rad1 Kh8 15.Rfe1 Bb7
16.dxe5 Nxe5 17.Nxe5 Bxe5 18.Bxe5+ Qxe5 19.Qa3 f4 20.exf4 Qxf4 21.Qc3+ Kg8
22.Qd4 Rae8 23.Qxf4 Rxf4 24.Bf1 Rxe1 25.Rxe1 Kf8 26.g3 Rd4 27.f4 Bc8 28.Kf2 Bf5
29.Ke3 c5 30.Be2 h5 31.Rd1 Re4+ 32.Kf2 Ke7 33.Rd2 Rd4 34.Ke3 Re4+ 35.Kf2  1/2-1/2

[Event "Moscow4"]
[Site "Moscow"]
[Date "1991.??.??"]
[Round "?"]
[White "Dreev, Alexey"]
[Black "Nikitin, Aleksander S"]
[Result "1-0"]
[WhiteElo "2625"]
[BlackElo "2405"]

1.d4 d5 2.c4 e6 3.Nc3 c5 4.cxd5 exd5 5.Nf3 Nc6 6.g3 Nf6 7.Bg2 Be7 8.O-O O-O
9.dxc5 Bxc5 10.Bg5 d4 11.Bxf6 Qxf6 12.Nd5 Qd6 13.Nd2 Be6 14.Nf4 Bb6 15.Rc1 Rfe8
16.a3 Rac8 17.b4 Bg4 18.Nc4 Qd8 19.Nxb6 Qxb6 20.Rc5 h6 21.h3 Bd7 22.Bxc6 Rxc6
23.Qxd4 Rd6 24.Qc3 Bc6 25.Nh5 Rg6 26.Rd1 a6 27.Nf4 Ba4 28.Rd4 Rg5 29.Rc8 Re5
30.Rxe8+ Bxe8 31.e3 Qc6 32.Qxc6 Bxc6 33.Kf1 a5 34.Ke2 axb4 35.axb4 Kf8 36.Kd2 g5
37.Nd3 Rf5 38.e4 Rb5 39.g4 h5 40.Kc3 hxg4 41.hxg4 Ke7 42.Nc5 b6 43.Nd3 Bb7
44.Rc4 Kd6 45.Kd4 Bc6 46.Rc1 Bd7 47.f3 Be6 48.Rh1 Kc7 49.Kc3 Kd6 50.Rh6 Kd7
51.Nb2 Re5 52.Nc4  1-0

[Event "New York op"]
[Site "New York"]
[Date "1991.??.??"]
[Round "1"]
[White "Dreev, Alexey"]
[Black "Haessler, Carl"]
[Result "1-0"]
[WhiteElo "2625"]
[BlackElo "2255"]

1.d4 g6 2.e4 Bg7 3.Nc3 c6 4.Bc4 b5 5.Bb3 b4 6.Nce2 d6 7.Nf3 Nf6 8.e5 Nd5
9.Nf4 Nxf4 10.Bxf4 O-O 11.O-O a5 12.a3 Ba6 13.Re1 c5 14.dxc5 dxc5 15.Qd5 Qxd5
16.Bxd5 Ra7 17.axb4 axb4 18.Ra5 Rc8 19.Bc4 h6 20.h4 Bxc4 21.Rxa7 Nc6 22.Rd7 Bf8
23.Be3 Nd8 24.Bxc5 Bb5 25.Rxd8 Rxd8 26.Bxb4 Ba4 27.c3 Rb8 28.Nd4 e6 29.Bxf8 Kxf8
30.Ra1 Bd7 31.Ra7 Ke8 32.b3 Rc8 33.c4 g5 34.hxg5 hxg5 35.Nf3 g4 36.Ng5 Rb8
37.Ne4  1-0

[Event "New York op"]
[Site "New York"]
[Date "1991.??.??"]
[Round "2"]
[White "Friedman, Aviv"]
[Black "Dreev, Alexey"]
[Result "0-1"]
[WhiteElo "2300"]
[BlackElo "2625"]

1.e4 e6 2.d4 d5 3.e5 c5 4.c3 Nc6 5.Nf3 Bd7 6.Be2 Nge7 7.Na3 cxd4 8.cxd4 Nf5
9.Nc2 Nb4 10.Nxb4 Bxb4+ 11.Bd2 Qb6 12.Bxb4 Qxb4+ 13.Qd2 a5 14.a3 Qb6 15.O-O O-O
16.Rfc1 Rfc8 17.Bd3 Ne7 18.Rxc8+ Rxc8 19.Rc1 Rxc1+ 20.Qxc1 h6 21.Qc3 Ba4
22.Be2 Nc6 23.Kf1 Bb5 24.b3 a4 25.bxa4 Bxa4 26.Ke1 Qb1+ 27.Kd2 Qa2+ 28.Ke1 Qb1+
29.Kd2 Bb5 30.Bxb5 Qxb5 31.Ke3 Qb1 32.Ke2 Qh1 33.Qb2 Qxg2 34.Qxb7 Nxd4+ 35.Nxd4 Qe4+
36.Kf1 Qh1+ 37.Ke2 Qe4+ 38.Kf1 Qd3+ 39.Kg2 Qxd4 40.Qc8+ Kh7 41.Qc2+ g6 42.a4 Qxe5
43.a5 d4 44.a6 Qd5+ 45.f3 d3 46.Qc7 Kg7 47.Qc3+ e5 48.a7 d2 49.a8=Q d1=Q  0-1

[Event "New York op"]
[Site "New York"]
[Date "1991.??.??"]
[Round "3"]
[White "Dreev, Alexey"]
[Black "Southam, Todd"]
[Result "1-0"]
[WhiteElo "2625"]
[BlackElo "2305"]

1.d4 Nf6 2.Nf3 g6 3.c3 Bg7 4.Bf4 O-O 5.e3 d6 6.Be2 Nbd7 7.h3 Qe8 8.Qc2 e5
9.Bh2 Nd5 10.O-O e4 11.Nfd2 f5 12.c4 Ne7 13.Nc3 a6 14.b4 g5 15.c5 d5 16.Bxc7 Kh8
17.f3 Nf6 18.Bd6 Be6 19.b5 f4 20.fxe4 fxe3 21.Nf3 h6 22.Ne5 Kg8 23.Bxe7 Qxe7
24.Ng6 Qd7 25.Nxf8 Rxf8 26.e5  1-0

[Event "New York op"]
[Site "New York"]
[Date "1991.??.??"]
[Round "6"]
[White "Novikov, Igor A"]
[Black "Dreev, Alexey"]
[Result "1/2-1/2"]
[WhiteElo "2545"]
[BlackElo "2625"]

1.d4 d5 2.c4 c6 3.Nf3 Nf6 4.Nc3 e6 5.Bg5 h6 6.Bxf6 Qxf6 7.e3 Nd7 8.Bd3 Bd6
9.O-O Qe7 10.e4 dxc4 11.Bxc4 e5 12.d5 Nb6 13.Bb3 O-O 14.dxc6 bxc6  1/2-1/2

[Event "New York op"]
[Site "New York"]
[Date "1991.??.??"]
[Round "7"]
[White "Dreev, Alexey"]
[Black "Wedberg, Tom"]
[Result "1-0"]
[WhiteElo "2625"]
[BlackElo "2465"]

1.d4 Nf6 2.c4 e6 3.Nf3 c5 4.d5 exd5 5.cxd5 d6 6.Nc3 g6 7.e4 Bg7 8.h3 O-O
9.Bd3 Re8 10.O-O c4 11.Bc2 b5 12.Nxb5 Nxe4 13.Re1 Ba6 14.a4 Bxb5 15.axb5 Nc5
16.Nd2 Rxe1+ 17.Qxe1 c3 18.bxc3 Bxc3 19.Ra3 Bb4 20.Re3 Nbd7 21.Qe2 Nb6 22.Ne4 Nxe4
23.Rxe4 Bc3 24.h4 Nd7 25.h5 Nc5 26.Rc4 Bf6 27.Be3 Rc8 28.Qg4 Rc7 29.g3 Qb8
30.h6 Qxb5 31.Bxc5 Be7 32.Bxg6 fxg6 33.Qe6+ Kf8 34.Rb4 Rxc5 35.Rxb5 Rxb5
36.Qc8+ Kf7 37.Qh8  1-0

[Event "Oviedo rapid"]
[Site "Oviedo"]
[Date "1991.??.??"]
[Round "1"]
[White "Agur, Elieser"]
[Black "Dreev, Alexey"]
[Result "0-1"]
[WhiteElo "2285"]
[BlackElo "2625"]

1.e4 e6 2.d4 d5 3.Nc3 Nf6 4.Bg5 Bb4 5.e5 h6 6.Bxf6 gxf6 7.Nf3 Nd7 8.exf6 Qxf6
9.a3 Bf8 10.Qe2 c6 11.g3 Bg7 12.Bg2 O-O 13.O-O e5 14.dxe5 Nxe5 15.Nxe5 Qxe5
16.Qd2 Bf5 17.Rfe1 Qd4 18.Rad1 Qxd2 19.Rxd2 Rfe8 20.Rde2 Kf8 21.Bf3 Bxc2  0-1

[Event "Oviedo rapid"]
[Site "Oviedo"]
[Date "1991.??.??"]
[Round "5"]
[White "Polugaevsky, Lev"]
[Black "Dreev, Alexey"]
[Result "1/2-1/2"]
[WhiteElo "2610"]
[BlackElo "2625"]

1.d4 d5 2.c4 c6 3.Nf3 Nf6 4.Nc3 e6 5.e3 Nbd7 6.Bd3 dxc4 7.Bxc4 b5 8.Be2 Bb7
9.O-O a6 10.e4 c5 11.e5 Nd5 12.Ne4 cxd4 13.a4 Nb4 14.Nd6+ Bxd6 15.exd6 d3
16.Bxd3 Bxf3 17.gxf3 Nxd3 18.Qxd3 bxa4 19.Qd4 O-O 20.Be3 Qf6 21.Qxf6 Nxf6
22.Rxa4 Rfd8 23.Bc5 Nd7  1/2-1/2

[Event "Oviedo rapid"]
[Site "Oviedo"]
[Date "1991.??.??"]
[Round "6"]
[White "Dreev, Alexey"]
[Black "Illescas Cordoba, Miguel"]
[Result "0-1"]
[WhiteElo "2625"]
[BlackElo "2545"]

1.e4 c5 2.Nf3 e6 3.b3 b6 4.c4 Bb7 5.Nc3 a6 6.Bb2 Qc7 7.d4 cxd4 8.Qxd4 Nf6
9.e5 Bc5 10.Qf4 Bxf3 11.gxf3 Nc6 12.Ne4 Nxe4 13.Qxe4 Bb4+ 14.Ke2 O-O 15.f4 Rad8
16.Rg1 g6 17.Rd1 b5 18.a3 Be7 19.b4 bxc4 20.Qxc4 Qb6 21.Kf3 f6 22.Qe4 Rf7
23.exf6 Bxf6 24.Bc1 a5 25.Be3 Qb7  0-1

[Event "Oviedo rapid"]
[Site "Oviedo"]
[Date "1991.??.??"]
[Round "7"]
[White "Sanz Alonso, Francisco Javier"]
[Black "Dreev, Alexey"]
[Result "0-1"]
[WhiteElo "2415"]
[BlackElo "2625"]

1.e4 e5 2.Nf3 d6 3.d4 exd4 4.Nxd4 g6 5.Nc3 Bg7 6.Be3 Nf6 7.f3 O-O 8.Qd2 d5
9.exd5 Nxd5 10.O-O-O Nxe3 11.Qxe3 Re8 12.Qf2 Qg5+ 13.Kb1 Qc5 14.Bb5 Nd7 15.Ba4 a6
16.Bb3 Nf6 17.Rhf1 Bd7 18.Ne4 Qb6 19.Ng5 Re7 20.Rd2 Rae8 21.c3 c5 22.Nc2 Qc7
23.Qh4 Bf5 24.g4 Qf4 25.Rfd1 Qxd2  0-1

[Event "EUCup final"]
[Site "Solingen"]
[Date "1991.??.??"]
[Round "1"]
[White "Schneider, B."]
[Black "Dreev, Alexey"]
[Result "1/2-1/2"]
[WhiteElo "2455"]
[BlackElo "2625"]

1.c4 c6 2.Nf3 d5 3.d4 Nf6 4.Nc3 e6 5.cxd5 cxd5 6.Bf4 Nc6 7.e3 Nh5 8.Be5 Be7
9.Bd3 O-O 10.Rc1 Bd7 11.O-O Rc8 12.a3 a6 13.b4 a5 14.b5 Nxe5 15.Nxe5 Nf6
16.Qb3 Bd6 17.Nxd7 Qxd7 18.Rc2 Qe7 19.a4 Rcd8 20.Rd1 Bb8 21.g3 Rd6 22.Bf1 Ba7
23.Bg2 Bb6 24.Ne2 Rdd8 25.Nf4 Ne8 26.Rdc1 Nd6 27.Nd3 Rc8 28.Qa3 Rxc2 29.Rxc2 Rd8
30.Kf1 Kf8 31.Ke1 Nc4 32.Qxe7+ Kxe7 33.Bf1 Nd6 34.Kd1 g5 35.Be2 f6 36.Nc5 Rc8
37.Bd3 h5 38.h3 h4 39.g4 Rc7 40.f3 e5 41.Ke2 exd4 42.exd4 f5 43.Nb3 Kf6 44.Rxc7 Bxc7
45.Nc5 b6 46.Nd7+ Ke7 47.Ne5 fxg4 48.Nxg4 Ne8 49.Bh7 Kf7 50.Ne3 Nf6 51.Bf5 Bf4
52.Nd1 Bh2 53.Nc3 Ke7 54.Kd3 Bg1 55.Bg4 Kd6 56.Ne2 Bf2 57.Nc3 Ng8 58.Nd1 Bg1
59.Ne3 Bxe3 60.Kxe3 Nf6  1/2-1/2